000
00388nam a22000977a 4500
100
_a
गौतम,नरेन्द्र
_9
79530
245
_a
मुल्ला नसरूद्दीन के कारनामें
260
_a
दिल्ली
_b
ड्रीम बुक सर्विस
_c
2019
650
_a
चिल्ड्रन बुक
_9
159
942
_c
HIN
999
_c
63173
_d
63173